[Event "MP do lat 16 - dziewczeta"]
[Site "Sypniewo"]
[Date "2022.03.19"]
[Round "1.1"]
[White "Pastuszko, Katarzyna"]
[Black "Siekanska, Maria"]
[Result "0-1"]
[BlackElo "1989"]
[WhiteElo "1422"]
[LiveChessVersion "1.4.8"]

1. e4 {[%clk 1:30:57]} c5 {[%clk 1:30:52]} 2. Nf3 {[%clk 1:31:15]} d6
{[%clk 1:31:09]} 3. d4 {[%clk 1:31:27]} cxd4 {[%clk 1:31:29]} 4. Nxd4
{[%clk 1:31:46]} Nf6 {[%clk 1:31:47]} 5. Nc3 {[%clk 1:31:53]} a6 {[%clk 1:32:07]}
6. Be3 {[%clk 1:31:34]} e6 {[%clk 1:31:53]} 7. Be2 {[%clk 1:30:56]} Nbd7
{[%clk 1:30:19]} 8. O-O {[%clk 1:28:51]} b5 {[%clk 1:27:47]} 9. a3
{[%clk 1:23:04]} Bb7 {[%clk 1:24:55]} 10. f3 {[%clk 1:14:02]} Qc7
{[%clk 1:19:48]} 11. Qd2 {[%clk 1:06:15]} Be7 {[%clk 1:15:58]} 12. Rfe1
{[%clk 0:58:12]} O-O {[%clk 1:13:43]} 13. Rad1 {[%clk 0:55:09]} Rac8
{[%clk 1:12:57]} 14. g4 {[%clk 0:38:31]} Ne5 {[%clk 1:03:17]} 15. g5
{[%clk 0:33:09]} Nfd7 {[%clk 1:02:49]} 16. h4 {[%clk 0:30:53]} Nc4
{[%clk 0:58:53]} 17. Bxc4 {[%clk 0:26:26]} Qxc4 {[%clk 0:58:55]} 18. h5
{[%clk 0:23:54]} f5 {[%clk 0:43:03]} 19. exf5 {[%clk 0:17:24]} e5
{[%clk 0:42:41]} 20. f6 {[%clk 0:11:35]} exd4 {[%clk 0:42:01]} 21. fxe7
{[%clk 0:10:55]} Rxf3 {[%clk 0:41:16]} 22. Bf2 {[%clk 0:07:01]} dxc3
{[%clk 0:28:22]} 23. e8=Q+ {[%clk 0:05:57]} Rxe8 {[%clk 0:28:45]} 24. Rxe8+
{[%clk 0:06:22]} Kf7 {[%clk 0:29:05]} 25. g6+ {[%clk 0:04:13]} Kxe8
{[%clk 0:27:05]} 26. Qg5 {[%clk 0:03:12]} h6 {[%clk 0:23:09]} 27. Re1+
{[%clk 0:02:45]} Ne5 {[%clk 0:22:10]} 28. Rxe5+ {[%clk 0:02:17]} dxe5
{[%clk 0:22:34]} 29. Qxe5+ {[%clk 0:02:40]} Kd8 {[%clk 0:15:59]} 30. Bb6+
{[%clk 0:02:20]} Kd7 {[%clk 0:16:17]} 31. Qxg7+ {[%clk 0:02:13]} Kd6
{[%clk 0:16:28]} 32. Qd4+ {[%clk 0:01:22]} Qxd4+ {[%clk 0:16:41]} 33. Bxd4
{[%clk 0:01:47]} cxb2 {[%clk 0:16:15]} 34. Bxb2 {[%clk 0:02:12]} Rf5
{[%clk 0:16:25]} 0-1

[Event "MP do lat 16 - dziewczeta"]
[Site "Sypniewo"]
[Date "2022.03.19"]
[Round "1.2"]
[White "Zabrzanska, Weronika"]
[Black "Pudelko, Magdalena"]
[Result "1-0"]
[BlackElo "1407"]
[WhiteElo "1942"]
[LiveChessVersion "1.4.8"]

1. e4 {[%clk 1:30:58]} e6 {[%clk 1:30:59]} 2. d4 {[%clk 1:31:12]} d5
{[%clk 1:31:25]} 3. exd5 {[%clk 1:29:47]} exd5 {[%clk 1:31:42]} 4. Nf3
{[%clk 1:30:05]} Bd6 {[%clk 1:31:13]} 5. Bd3 {[%clk 1:30:23]} Nc6
{[%clk 1:31:29]} 6. O-O {[%clk 1:29:15]} Bg4 {[%clk 1:30:44]} 7. c3
{[%clk 1:29:35]} Nge7 {[%clk 1:29:29]} 8. h3 {[%clk 1:29:43]} Bh5
{[%clk 1:25:43]} 9. Re1 {[%clk 1:29:49]} Qd7 {[%clk 1:24:51]} 10. b4
{[%clk 1:30:11]} Nd8 {[%clk 1:13:09]} 11. Nbd2 {[%clk 1:25:20]} Ne6
{[%clk 1:10:57]} 12. a4 {[%clk 1:24:30]} Bf4 {[%clk 0:59:53]} 13. Be2
{[%clk 1:13:04]} Bg6 {[%clk 0:47:13]} 14. Ne5 {[%clk 1:10:18]} Bxe5
{[%clk 0:43:58]} 15. dxe5 {[%clk 1:10:33]} Nf4 {[%clk 0:34:47]} 16. Nb3
{[%clk 1:04:46]} Nxe2+ {[%clk 0:27:05]} 17. Qxe2 {[%clk 1:04:24]} O-O
{[%clk 0:23:27]} 18. Nc5 {[%clk 0:59:30]} Qc8 {[%clk 0:22:19]} 19. Bg5
{[%clk 0:57:29]} b6 {[%clk 0:18:08]} 20. Bxe7 {[%clk 0:52:56]} Re8
{[%clk 0:18:24]} 21. Bh4 {[%clk 0:52:13]} bxc5 {[%clk 0:18:41]} 22. bxc5
{[%clk 0:52:21]} Qe6 {[%clk 0:15:32]} 23. Rad1 {[%clk 0:50:41]} c6
{[%clk 0:07:53]} 24. Rd2 {[%clk 0:49:15]} Rab8 {[%clk 0:05:04]} 25. Rb2
{[%clk 0:49:03]} Rxb2 26. Qxb2 {[%clk 0:49:30]} f6 {[%clk 0:03:32]} 27. Bg3
{[%clk 0:49:21]} Qf5 {[%clk 0:00:59]} 28. e6 {[%clk 0:47:21]} Rxe6
{[%clk 0:01:19]} 29. Qb8+ {[%clk 0:47:23]} Be8 {[%clk 0:01:43]} 30. Rxe6
{[%clk 0:43:05]} Qxe6 {[%clk 0:02:10]} 31. Qxa7 {[%clk 0:43:20]} h6
{[%clk 0:00:38]} 32. a5 {[%clk 0:41:35]} Qe1+ {[%clk 0:00:50]} 33. Kh2
{[%clk 0:41:58]} Qxc3 {[%clk 0:00:45]} 34. Qb8 {[%clk 0:42:09]} Qxc5
{[%clk 0:00:36]} 35. Qxe8+ {[%clk 0:42:25]} Kh7 {[%clk 0:01:04]} 36. a6
{[%clk 0:42:35]} d4 {[%clk 0:01:09]} 37. Qd7 {[%clk 0:39:42]} Qb6
{[%clk 0:00:00]} 1-0

[Event "MP do lat 16 - dziewczeta"]
[Site "Sypniewo"]
[Date "2022.03.19"]
[Round "1.3"]
[White "Labedz, Gabriela"]
[Black "Starosta, Martyna"]
[Result "0-1"]
[BlackElo "1894"]
[WhiteElo "1404"]
[LiveChessVersion "1.4.8"]

1. e4 {[%clk 1:30:58]} e5 {[%clk 1:30:44]} 2. d4 {[%clk 1:31:18]} exd4
{[%clk 1:30:27]} 3. Qxd4 {[%clk 1:31:38]} Nc6 {[%clk 1:30:25]} 4. Qe3
{[%clk 1:31:41]} Bb4+ {[%clk 1:27:50]} 5. Bd2 {[%clk 1:29:31]} Qe7
{[%clk 1:26:21]} 6. a3 {[%clk 1:26:18]} Bc5 {[%clk 1:25:58]} 7. Qd3
{[%clk 1:22:57]} d5 {[%clk 1:13:26]} 8. Nc3 {[%clk 1:16:08]} dxe4
{[%clk 1:12:29]} 9. Qxe4 {[%clk 1:12:54]} Bf5 {[%clk 1:12:32]} 10. Qxe7+
{[%clk 1:10:43]} Ngxe7 {[%clk 1:12:52]} 11. Bd3 {[%clk 0:59:21]} Bxd3
{[%clk 1:10:22]} 12. cxd3 {[%clk 0:59:31]} O-O-O {[%clk 1:07:58]} 13. Nh3
{[%clk 0:48:06]} Rxd3 {[%clk 1:07:09]} 14. O-O-O {[%clk 0:44:28]} Nf5
{[%clk 1:04:01]} 15. Ne4 {[%clk 0:38:23]} Be7 {[%clk 1:02:20]} 16. Nf4
{[%clk 0:33:20]} Rd4 {[%clk 1:00:03]} 17. f3 {[%clk 0:29:54]} Rhd8
{[%clk 0:57:55]} 18. Rhe1 {[%clk 0:27:04]} h6 {[%clk 0:45:38]} 19. Kb1
{[%clk 0:21:56]} Bg5 {[%clk 0:43:48]} 20. Kc1 {[%clk 0:16:56]} Rc4+
{[%clk 0:41:37]} 21. Kb1 {[%clk 0:15:35]} Rcd4 {[%clk 0:41:54]} 22. Kc1
{[%clk 0:15:31]} Rxd2 {[%clk 0:38:26]} 23. Nxd2 {[%clk 0:13:41]} Bxf4
{[%clk 0:38:48]} 24. g3 {[%clk 0:10:20]} Ne3 {[%clk 0:36:26]} 25. gxf4
{[%clk 0:09:02]} Nxd1 {[%clk 0:36:49]} 26. Rxd1 {[%clk 0:09:18]} Nd4
{[%clk 0:37:01]} 27. Re1 {[%clk 0:07:45]} Rd5 {[%clk 0:36:14]} 28. Re4
{[%clk 0:06:43]} Kd7 {[%clk 0:34:23]} 29. b4 {[%clk 0:05:07]} f6 {[%clk 0:33:18]}
30. Re3 {[%clk 0:03:59]} Ne6 {[%clk 0:31:52]} 31. Re4 {[%clk 0:02:36]} b6
{[%clk 0:29:00]} 32. Kc2 {[%clk 0:02:36]} Rf5 {[%clk 0:29:06]} 33. Kd3
{[%clk 0:01:55]} Nxf4+ {[%clk 0:28:58]} 34. Ke3 {[%clk 0:02:04]} Ne6
{[%clk 0:29:09]} 35. Kf2 {[%clk 0:01:54]} Rd5 {[%clk 0:28:20]} 36. Nf1
{[%clk 0:01:53]} Rd3 {[%clk 0:28:21]} 37. Re3 {[%clk 0:02:05]} Nf4
{[%clk 0:27:41]} 38. Kg3 {[%clk 0:02:02]} Rxe3 {[%clk 0:24:38]} 39. Nxe3
{[%clk 0:02:20]} Ne2+ {[%clk 0:24:57]} 40. Kg4 {[%clk 0:32:35]} Ke6
{[%clk 0:55:15]} 41. h4 {[%clk 0:32:11]} g6 {[%clk 0:54:35]} 42. h5
{[%clk 0:30:17]} f5+ {[%clk 0:54:59]} 43. Kh4 {[%clk 0:30:15]} g5+
{[%clk 0:55:22]} 44. Kh3 {[%clk 0:30:35]} Nf4+ {[%clk 0:55:47]} 0-1

[Event "MP do lat 16 - dziewczeta"]
[Site "Sypniewo"]
[Date "2022.03.19"]
[Round "1.4"]
[White "Barwinska, Ewa"]
[Black "Bialek, Alicja"]
[Result "1-0"]
[BlackElo "1383"]
[WhiteElo "1848"]
[LiveChessVersion "1.4.8"]

1. e4 {[%clk 1:30:57]} c5 {[%clk 1:30:57]} 2. Nf3 {[%clk 1:31:10]} d6
{[%clk 1:31:21]} 3. d4 {[%clk 1:31:31]} cxd4 {[%clk 1:31:49]} 4. Nxd4
{[%clk 1:31:47]} Nf6 {[%clk 1:32:11]} 5. Nc3 {[%clk 1:32:08]} g6 {[%clk 1:32:37]}
6. Be3 {[%clk 1:32:27]} Bg7 {[%clk 1:32:48]} 7. f3 {[%clk 1:32:47]} a6
{[%clk 1:32:25]} 8. Qd2 {[%clk 1:32:51]} h5 {[%clk 1:32:45]} 9. Bc4
{[%clk 1:25:58]} Nbd7 {[%clk 1:31:57]} 10. a4 {[%clk 1:19:39]} b6
{[%clk 1:26:59]} 11. O-O {[%clk 1:02:08]} Bb7 {[%clk 1:24:53]} 12. Nd5
{[%clk 0:56:24]} e6 {[%clk 0:57:29]} 13. Nb4 {[%clk 0:50:30]} Nc5
{[%clk 0:41:33]} 14. Nd3 {[%clk 0:42:58]} d5 {[%clk 0:28:05]} 15. exd5
{[%clk 0:37:55]} Nxd5 {[%clk 0:28:11]} 16. Bxd5 {[%clk 0:35:58]} Bxd5
{[%clk 0:15:50]} 17. Nxc5 {[%clk 0:27:45]} bxc5 {[%clk 0:16:02]} 18. Ne2
{[%clk 0:24:53]} Bc4 {[%clk 0:13:12]} 19. Rad1 {[%clk 0:19:22]} Qxd2
{[%clk 0:01:02]} 20. Rxd2 {[%clk 0:19:51]} Bxb2 {[%clk 0:01:28]} 21. Bxc5
{[%clk 0:19:15]} Rc8 {[%clk 0:01:20]} 22. Bb4 {[%clk 0:15:15]} Bf6
{[%clk 0:01:09]} 23. Re1 {[%clk 0:12:49]} Bd5 {[%clk 0:01:00]} 24. Nf4
{[%clk 0:11:39]} Bc4 {[%clk 0:00:48]} 25. Re4 {[%clk 0:09:02]} g5
{[%clk 0:00:57]} 26. Nh3 {[%clk 0:08:03]} Rc7 {[%clk 0:00:37]} 27. f4
{[%clk 0:07:36]} g4 {[%clk 0:00:40]} 28. Nf2 {[%clk 0:07:27]} Be7
{[%clk 0:00:33]} 29. Bc3 {[%clk 0:05:50]} Rg8 {[%clk 0:00:37]} 30. Ba5
{[%clk 0:05:37]} Rc5 {[%clk 0:00:39]} 31. Bb6 {[%clk 0:05:15]} Rd5
{[%clk 0:00:36]} 32. Rdd4 {[%clk 0:03:56]} Rxd4 {[%clk 0:00:49]} 33. Rxd4
{[%clk 0:04:19]} Bd5 {[%clk 0:01:08]} 34. c4 {[%clk 0:03:58]} Bf6
{[%clk 0:00:38]} 35. Rd2 {[%clk 0:03:14]} Bc6 {[%clk 0:00:51]} 36. a5
{[%clk 0:03:05]} Ke7 {[%clk 0:00:49]} 37. Bc5+ {[%clk 0:02:44]} Ke8
{[%clk 0:01:00]} 38. Rd6 {[%clk 0:02:42]} Bb7 39. Rb6 {[%clk 0:02:52]} Bc8
{[%clk 0:01:36]} 40. Ne4 {[%clk 0:32:50]} Bd8 {[%clk 0:30:56]} 41. Rb8
{[%clk 0:24:41]} Kd7 {[%clk 0:29:40]} 42. Bb6 {[%clk 0:16:20]} Be7
{[%clk 0:23:20]} 43. Bd4 {[%clk 0:13:09]} Rd8 {[%clk 0:15:07]} 44. Kf2
{[%clk 0:11:15]} f5 {[%clk 0:14:26]} 45. Nf6+ {[%clk 0:08:14]} Kc7
{[%clk 0:14:04]} 46. Be5+ {[%clk 0:08:40]} Bd6 {[%clk 0:06:48]} 47. Bxd6+
{[%clk 0:08:43]} Rxd6 {[%clk 0:07:15]} 48. Ne8+ {[%clk 0:06:48]} Kxb8
{[%clk 0:07:41]} 49. Nxd6 {[%clk 0:07:14]} Bd7 {[%clk 0:06:48]} 50. Ke3
{[%clk 0:05:02]} Kc7 {[%clk 0:03:34]} 51. Nf7 {[%clk 0:05:22]} Be8
{[%clk 0:02:12]} 52. Ne5 {[%clk 0:05:24]} h4 {[%clk 0:02:05]} 53. g3
{[%clk 0:05:10]} hxg3 {[%clk 0:01:58]} 54. hxg3 {[%clk 0:05:36]} Kd6
{[%clk 0:01:53]} 55. Kd4 {[%clk 0:06:02]} Ba4 {[%clk 0:01:58]} 56. Nd3
{[%clk 0:05:37]} Bd7 {[%clk 0:01:55]} 57. Nb4 {[%clk 0:04:56]} Bc8
{[%clk 0:02:03]} 58. c5+ {[%clk 0:02:26]} Kd7 {[%clk 0:01:57]} 59. Ke5
{[%clk 0:02:52]} Ke7 {[%clk 0:00:32]} 60. c6 {[%clk 0:02:49]} Kd8
{[%clk 0:00:37]} 61. Kd6 {[%clk 0:02:53]} Ke8 {[%clk 0:00:41]} 62. Nd3
{[%clk 0:03:04]} Kd8 {[%clk 0:00:51]} 63. Nc5 {[%clk 0:02:10]} 1-0

[Event "MP do lat 16 - dziewczeta"]
[Site "Sypniewo"]
[Date "2022.03.19"]
[Round "1.5"]
[White "Nowak, Zuzanna"]
[Black "Rejniak, Zuzanna"]
[Result "0-1"]
[BlackElo "1816"]
[WhiteElo "1379"]
[LiveChessVersion "1.4.8"]

1. e4 {[%clk 1:30:59]} c5 {[%clk 1:30:47]} 2. c3 {[%clk 1:31:25]} Nf6
{[%clk 1:31:10]} 3. e5 {[%clk 1:31:25]} Nd5 {[%clk 1:31:10]} 4. d4
{[%clk 1:32:06]} cxd4 {[%clk 1:32:02]} 5. cxd4 {[%clk 1:32:29]} d6
{[%clk 1:32:23]} 6. Nf3 {[%clk 1:32:48]} Nc6 {[%clk 1:32:46]} 7. Bc4
{[%clk 1:32:57]} dxe5 {[%clk 1:33:09]} 8. dxe5 {[%clk 1:32:57]} Ndb4
{[%clk 1:33:09]} 9. Qxd8+ {[%clk 1:30:16]} Nxd8 {[%clk 1:33:16]} 10. Na3
{[%clk 1:30:41]} a6 {[%clk 1:09:57]} 11. Bd2 {[%clk 1:30:35]} e6 {[%clk 1:09:24]}
12. O-O Ndc6 {[%clk 1:09:22]} 13. Rad1 {[%clk 1:26:42]} Be7 {[%clk 1:00:57]} 14.
Bb3 {[%clk 1:17:09]} b5 {[%clk 0:58:40]} 15. Nb1 {[%clk 1:16:55]} Bb7
{[%clk 0:52:55]} 16. Bc3 {[%clk 1:05:41]} Na5 {[%clk 0:44:00]} 17. Nd4
{[%clk 1:00:41]} Nxb3 {[%clk 0:43:48]} 18. axb3 {[%clk 1:01:09]} Nd5
{[%clk 0:32:02]} 19. Rfe1 {[%clk 0:55:40]} Rc8 {[%clk 0:26:51]} 20. Rd3
{[%clk 0:47:45]} Bc5 {[%clk 0:22:45]} 21. Rg3 {[%clk 0:47:45]} b4
{[%clk 0:22:45]} 22. Nxe6 {[%clk 0:47:45]} fxe6 {[%clk 0:22:45]} 23. Bd2
{[%clk 0:47:45]} O-O {[%clk 0:20:30]} 24. Rf1 {[%clk 0:38:19]} Nf4
{[%clk 0:18:28]} 25. Kh1 {[%clk 0:34:05]} Nxg2 {[%clk 0:17:26]} 26. Rxg2
{[%clk 0:34:28]} Rxf2 {[%clk 0:17:48]} 27. Rfxf2 {[%clk 0:34:41]} Bxf2
{[%clk 0:18:10]} 28. h3 {[%clk 0:34:40]} Bd4 {[%clk 0:16:53]} 29. Kh2
{[%clk 0:34:17]} Bxe5+ {[%clk 0:17:04]} 30. Kg1 {[%clk 0:34:44]} Bxg2
{[%clk 0:17:30]} 31. Kxg2 {[%clk 0:35:10]} Rc2 {[%clk 0:17:52]} 0-1

[Event "MP do lat 16 - dziewczeta"]
[Site "Sypniewo"]
[Date "2022.03.19"]
[Round "1.6"]
[White "Bukala, Weronika"]
[Black "Staniewicz, Adrianna"]
[Result "1-0"]
[BlackElo "1376"]
[WhiteElo "1801"]
[LiveChessVersion "1.4.8"]

1. e4 {[%clk 1:30:56]} c5 {[%clk 1:30:51]} 2. Nf3 {[%clk 1:31:12]} e6
{[%clk 1:31:06]} 3. d4 {[%clk 1:31:32]} cxd4 {[%clk 1:31:28]} 4. Nxd4
{[%clk 1:31:43]} a6 {[%clk 1:31:45]} 5. Bd3 {[%clk 1:31:53]} Nf6 {[%clk 1:31:28]}
6. O-O {[%clk 1:31:43]} Qc7 {[%clk 1:31:13]} 7. Qe2 {[%clk 1:31:14]} d6
{[%clk 1:29:18]} 8. f4 {[%clk 1:30:39]} Nc6 {[%clk 1:27:37]} 9. Nf3
{[%clk 1:22:29]} b5 {[%clk 1:23:40]} 10. a4 {[%clk 1:15:18]} b4 {[%clk 1:20:18]}
11. Nbd2 {[%clk 1:03:05]} Be7 {[%clk 1:12:01]} 12. Nc4 {[%clk 1:00:36]} d5
{[%clk 1:07:40]} 13. exd5 {[%clk 0:58:04]} Nxd5 {[%clk 1:07:15]} 14. Nfe5
{[%clk 0:50:36]} Bc5+ {[%clk 1:03:13]} 15. Kh1 {[%clk 0:49:31]} Nd4
{[%clk 0:51:58]} 16. Qg4 {[%clk 0:46:27]} g6 {[%clk 0:50:49]} 17. Bd2
{[%clk 0:34:26]} Bb7 {[%clk 0:47:36]} 18. Rae1 {[%clk 0:33:16]} h5
{[%clk 0:33:46]} 19. Qh3 {[%clk 0:28:39]} O-O-O {[%clk 0:31:48]} 20. c3
{[%clk 0:23:30]} bxc3 {[%clk 0:29:22]} 21. bxc3 {[%clk 0:19:49]} Nb3
{[%clk 0:26:20]} 22. Rb1 {[%clk 0:14:26]} Nxd2 {[%clk 0:26:06]} 23. Nxd2
{[%clk 0:14:55]} Ne3 {[%clk 0:23:08]} 24. Rf2 {[%clk 0:12:37]} Ng4
{[%clk 0:20:55]} 25. Re2 {[%clk 0:12:07]} Nf2+ {[%clk 0:20:36]} 26. Rxf2
{[%clk 0:12:36]} Bxf2 {[%clk 0:21:04]} 27. Ne4 {[%clk 0:12:48]} Bxe4
{[%clk 0:20:02]} 28. Bxa6+ {[%clk 0:12:45]} Bb7 {[%clk 0:19:05]} 29. Qf3
{[%clk 0:12:04]} Rd2 {[%clk 0:16:20]} 30. Rxb7 {[%clk 0:08:36]} Qd6
{[%clk 0:10:31]} 31. Rb6+ {[%clk 0:08:25]} Kd8 {[%clk 0:09:53]} 32. Rxd6+
{[%clk 0:08:23]} Rxd6 {[%clk 0:10:12]} 33. Qa8+ {[%clk 0:08:03]} Ke7
{[%clk 0:10:21]} 34. Qb7+ {[%clk 0:08:26]} Ke8 {[%clk 0:10:19]} 35. Bb5+
{[%clk 0:08:41]} Kf8 {[%clk 0:10:28]} 36. Qxf7# {[%clk 0:09:04]} 1-0

[Event "MP do lat 16 - dziewczeta"]
[Site "Sypniewo"]
[Date "2022.03.19"]
[Round "1.7"]
[White "Grzesik, Nikola"]
[Black "Tokarz, Izabela"]
[Result "0-1"]
[BlackElo "1796"]
[WhiteElo "1374"]
[LiveChessVersion "1.4.8"]

1. e4 {[%clk 1:30:57]} c5 {[%clk 1:30:57]} 2. Nf3 {[%clk 1:31:18]} d6
{[%clk 1:31:24]} 3. d4 {[%clk 1:31:39]} cxd4 {[%clk 1:31:51]} 4. Nxd4
{[%clk 1:32:03]} Nf6 {[%clk 1:32:15]} 5. Nc3 {[%clk 1:32:16]} g6 {[%clk 1:32:42]}
6. Bc4 {[%clk 1:32:15]} Bg7 {[%clk 1:33:07]} 7. O-O {[%clk 1:32:16]} O-O
{[%clk 1:33:30]} 8. Bb3 {[%clk 1:30:53]} Nc6 {[%clk 1:33:21]} 9. Be3
{[%clk 1:29:08]} Ng4 {[%clk 1:26:54]} 10. Nxc6 {[%clk 1:19:47]} bxc6
{[%clk 1:27:19]} 11. Qd2 {[%clk 1:19:40]} Nxe3 {[%clk 1:27:33]} 12. Qxe3
{[%clk 1:19:47]} c5 {[%clk 1:24:21]} 13. Rfd1 {[%clk 1:12:54]} Bg4
{[%clk 1:18:48]} 14. Re1 {[%clk 1:08:13]} Rb8 {[%clk 1:13:50]} 15. Rab1
{[%clk 1:06:10]} Bd7 {[%clk 1:03:57]} 16. Qg3 {[%clk 1:03:13]} Kh8
{[%clk 0:50:38]} 17. Ne2 {[%clk 0:50:37]} Qa5 {[%clk 0:42:01]} 18. c3
{[%clk 0:41:56]} Ba4 {[%clk 0:31:21]} 19. Qh4 {[%clk 0:28:31]} Bf6
{[%clk 0:26:34]} 20. Qh6 {[%clk 0:28:01]} Bxb3 {[%clk 0:25:39]} 21. axb3
{[%clk 0:28:20]} Qa2 {[%clk 0:25:06]} 22. Nf4 {[%clk 0:22:41]} Qxb3
{[%clk 0:22:33]} 23. Re3 {[%clk 0:17:14]} Qc2 {[%clk 0:21:00]} 24. Rf1
{[%clk 0:16:08]} Bg7 {[%clk 0:20:47]} 25. Qh4 {[%clk 0:15:03]} Bf6
{[%clk 0:17:32]} 26. Qh6 {[%clk 0:15:25]} Rg8 {[%clk 0:17:16]} 27. Re2
{[%clk 0:07:53]} Qa4 {[%clk 0:16:32]} 28. Nd5 {[%clk 0:07:41]} Bg7
{[%clk 0:14:19]} 29. Qh4 {[%clk 0:07:03]} Qc4 {[%clk 0:08:29]} 30. Re3
{[%clk 0:06:10]} Rxb2 {[%clk 0:02:56]} 31. Nxe7 {[%clk 0:02:46]} Rgb8
{[%clk 0:02:33]} 32. Nd5 {[%clk 0:01:30]} Rb1 {[%clk 0:02:02]} 33. Ree1
{[%clk 0:01:53]} Rxe1 {[%clk 0:01:40]} 34. Rxe1 {[%clk 0:02:17]} Qd3
{[%clk 0:01:12]} 35. h3 {[%clk 0:00:48]} Bxc3 {[%clk 0:01:10]} 36. Re3
{[%clk 0:00:51]} Qd1+ {[%clk 0:01:19]} 37. Kh2 {[%clk 0:01:12]} Be5+
{[%clk 0:01:19]} 38. Nf4 {[%clk 0:00:51]} Qd4 {[%clk 0:00:48]} 39. g3
{[%clk 0:00:42]} Bxf4 {[%clk 0:01:10]} 40. Qxf4 {[%clk 0:30:59]} Kg7
{[%clk 0:30:52]} 41. Rf3 {[%clk 0:29:30]} Rb7 {[%clk 0:30:46]} 42. h4
{[%clk 0:28:54]} Qe5 {[%clk 0:31:08]} 43. Qg4 {[%clk 0:29:05]} h5
{[%clk 0:31:17]} 44. Qc8 {[%clk 0:28:25]} Re7 {[%clk 0:27:35]} 45. Rb3
{[%clk 0:26:10]} Qe6 {[%clk 0:27:43]} 46. Qb8 {[%clk 0:26:16]} Qf6
{[%clk 0:27:03]} 47. Kg2 {[%clk 0:25:58]} Rxe4 {[%clk 0:25:34]} 48. Qxa7
{[%clk 0:25:05]} Re7 {[%clk 0:22:47]} 49. Qa8 {[%clk 0:23:30]} Qd4
{[%clk 0:20:45]} 50. Rf3 {[%clk 0:22:48]} Qe4 {[%clk 0:20:25]} 51. Qa1+
{[%clk 0:22:56]} Re5 {[%clk 0:20:24]} 52. Qc3 {[%clk 0:22:18]} Kh7
{[%clk 0:20:31]} 53. Kf1 {[%clk 0:18:04]} Rf5 {[%clk 0:20:22]} 54. Re3
{[%clk 0:17:08]} Qh1+ {[%clk 0:20:30]} 55. Ke2 {[%clk 0:17:27]} Qg2
{[%clk 0:20:07]} 56. Qe1 {[%clk 0:16:53]} Re5 {[%clk 0:20:33]} 57. Rxe5
{[%clk 0:13:11]} dxe5 {[%clk 0:21:00]} 58. Qb1 {[%clk 0:12:24]} Qd5
{[%clk 0:21:13]} 59. Qd3 {[%clk 0:08:02]} Qd4 {[%clk 0:21:09]} 60. f3
{[%clk 0:06:30]} c4 {[%clk 0:21:22]} 61. Qc2 {[%clk 0:05:55]} Kg7
{[%clk 0:21:35]} 62. Qd2 {[%clk 0:05:13]} c3 {[%clk 0:21:57]} 63. Qc2
{[%clk 0:05:14]} Qg1 {[%clk 0:21:47]} 64. Qxc3 {[%clk 0:04:34]} Qxg3
{[%clk 0:21:45]} 65. Qe3 {[%clk 0:03:15]} Qxh4 {[%clk 0:21:30]} 66. Qxe5+
{[%clk 0:03:24]} Qf6 {[%clk 0:21:56]} 67. Qg3 {[%clk 0:02:59]} Qb2+
{[%clk 0:22:18]} 68. Kd3 {[%clk 0:02:54]} Qb3+ {[%clk 0:22:26]} 69. Ke2
{[%clk 0:02:54]} Qc2+ {[%clk 0:22:41]} 70. Ke3 {[%clk 0:03:05]} Qc5+
{[%clk 0:22:50]} 71. Ke2 {[%clk 0:02:45]} Kf6 {[%clk 0:23:09]} 72. Qh4+
{[%clk 0:02:16]} Qg5 {[%clk 0:23:17]} 73. Qa4 {[%clk 0:02:13]} Qe5+
{[%clk 0:23:27]} 74. Kf2 {[%clk 0:02:19]} g5 {[%clk 0:23:16]} 75. Qa6+
{[%clk 0:02:22]} Qe6 {[%clk 0:23:37]} 76. Qa1+ {[%clk 0:02:32]} Kg6
{[%clk 0:23:38]} 77. Qh8 {[%clk 0:02:07]} Qf6 {[%clk 0:24:02]} 78. Qg8+
{[%clk 0:02:29]} Kh6 {[%clk 0:24:14]} 79. Qf8+ {[%clk 0:02:51]} Kh7
{[%clk 0:24:28]} 80. Qa3 {[%clk 0:02:42]} g4 {[%clk 0:24:19]} 81. Qd3+
{[%clk 0:03:03]} Kg7 {[%clk 0:24:45]} 82. Kg3 {[%clk 0:02:28]} Qxf3+
{[%clk 0:25:06]} 83. Qxf3 {[%clk 0:02:51]} gxf3 {[%clk 0:25:34]} 84. Kxf3
{[%clk 0:03:16]} Kg6 {[%clk 0:26:02]} 0-1

[Event "MP do lat 16 - dziewczeta"]
[Site "Sypniewo"]
[Date "2022.03.19"]
[Round "1.8"]
[White "Mroz, Lena"]
[Black "Idzior, Izabela"]
[Result "1-0"]
[BlackElo "1369"]
[WhiteElo "1773"]
[LiveChessVersion "1.4.8"]

1. e4 {[%clk 1:30:58]} e5 {[%clk 1:30:55]} 2. Nf3 {[%clk 1:31:21]} Nc6
{[%clk 1:31:21]} 3. Bb5 {[%clk 1:31:12]} a6 {[%clk 1:31:37]} 4. Ba4
{[%clk 1:31:26]} Nf6 {[%clk 1:31:53]} 5. O-O {[%clk 1:30:50]} b5 {[%clk 1:31:53]}
6. Bb3 {[%clk 1:30:52]} Bc5 {[%clk 1:32:10]} 7. Re1 {[%clk 1:28:20]} d6
{[%clk 1:29:48]} 8. c3 {[%clk 1:26:38]} Bb7 {[%clk 1:27:30]} 9. d4
{[%clk 1:23:21]} Bb6 {[%clk 1:26:02]} 10. Bc2 {[%clk 1:14:28]} h6
{[%clk 1:23:29]} 11. h3 {[%clk 1:13:18]} O-O {[%clk 1:22:14]} 12. d5
{[%clk 1:03:07]} Ne7 {[%clk 1:13:36]} 13. Be3 {[%clk 1:00:04]} Bxe3
{[%clk 1:06:20]} 14. Rxe3 {[%clk 1:00:06]} c6 {[%clk 1:03:30]} 15. dxc6
{[%clk 0:55:37]} Bxc6 {[%clk 0:56:54]} 16. Nbd2 {[%clk 0:45:17]} Nd7
{[%clk 0:50:08]} 17. Nf1 {[%clk 0:31:08]} Nc5 {[%clk 0:35:21]} 18. Ng3
{[%clk 0:28:48]} Qc7 {[%clk 0:30:12]} 19. Nh4 {[%clk 0:11:24]} Ng6
{[%clk 0:13:35]} 20. Ngf5 {[%clk 0:07:40]} Nxh4 {[%clk 0:08:29]} 21. Nxh4
{[%clk 0:08:06]} Bd7 {[%clk 0:06:08]} 22. Qh5 {[%clk 0:07:16]} Ne6
{[%clk 0:04:15]} 23. Bb3 {[%clk 0:03:40]} Nf4 {[%clk 0:02:46]} 24. Qf3
{[%clk 0:03:33]} Be6 {[%clk 0:02:35]} 25. Bxe6 {[%clk 0:02:42]} fxe6
{[%clk 0:02:51]} 26. Qg4 {[%clk 0:01:19]} Rf6 {[%clk 0:01:38]} 27. Kh2
{[%clk 0:01:01]} Qf7 {[%clk 0:00:39]} 28. Rd1 {[%clk 0:00:58]} Rd8
{[%clk 0:00:57]} 29. Rd2 {[%clk 0:01:04]} Rd7 {[%clk 0:00:46]} 30. Rf3
{[%clk 0:01:01]} g5 31. g3 {[%clk 0:01:06]} Ng6 {[%clk 0:01:16]} 32. Rxf6
{[%clk 0:01:17]} Qxf6 {[%clk 0:01:36]} 33. Ng2 {[%clk 0:00:38]} Ne7
{[%clk 0:00:45]} 34. Qh5 {[%clk 0:00:45]} Qg6 {[%clk 0:01:05]} 35. Qf3
{[%clk 0:00:57]} Nc6 {[%clk 0:00:43]} 36. Kg1 {[%clk 0:01:06]} Qf7
{[%clk 0:00:41]} 37. Qe3 {[%clk 0:01:15]} Qf6 {[%clk 0:00:39]} 38. Qb6
{[%clk 0:01:36]} Nd8 {[%clk 0:00:33]} 39. Qxa6 {[%clk 0:01:23]} Qf3
{[%clk 0:00:33]} 40. Qxb5 {[%clk 0:31:34]} Rf7 {[%clk 0:30:32]} 41. Qe8+
{[%clk 0:31:16]} 1-0